00413pab a2200157 454500008004000000100001900040245005900059260000900118300001400127362000800141650002400149650001500173700001900188700002000207773002800227180718b2006 xxu||||| |||| 00| 0 eng d aBean, Frank D. aMexican immigrant political and economic incorporation c2006 ap.309-13. aJun aImmigrants - Mexico aImmigrants aRumbaut, Ruben aBrown, Susan K. aPerspective on Politics